Carregant...

Planning And Designing The Database Environment

Dades bibliogràfiques
Autor principal: Turk, Thomas A
Format: Printed Book
Publicat: Van Nostrand Reinhold Company 1985
Matèries:
LEADER 00490nam a2200145 4500
020 |a 0-442-28528-0 
082 |a 005.74 
100 |a Turk, Thomas A 
245 |a Planning And Designing The Database Environment  |c Thomas A Turk  |h [Text] 
260 |b Van Nostrand Reinhold Company  |c 1985 
300 |a 519p. 
650 0 |a Database management  
942 |c BK 
999 |c 84974  |d 84974 
952 |0 0  |1 0  |4 0  |6 005_740000000000000  |7 0  |9 77308  |a SOCS  |b SOCS  |d 2015-06-11  |g 35.95  |l 0  |o 005.74  |p SOCS819  |r 2015-06-11  |w 2015-06-11  |y BK